000
00333nam a2200145Ia 4500
008
090124s9999 xx 000 0 und d
082
_b
302035
245
_a
झूम
250
_a
1
260
_b
शिरवळकर सुहास
_c
1988
300
_a
216
630
_a
झूम
730
_a
झूम
942
_c
BOOK
999
_c
191637
_d
191637